BIBLIOTECA

SENCICO

Caminos de tierra : Estructura y Mantenimiento (Registro nro. 1185)

Detalles MARC
000 -LEADER
fixed length control field 00816nam a2200241Ia 4500
005 - DATE AND TIME OF LATEST TRANSACTION
control field 20251020182502.0
008 - FIXED-LENGTH DATA ELEMENTS--GENERAL INFORMATION
fixed length control field 200515s9999 xx 000 0 und d
082 ## - DEWEY DECIMAL CLASSIFICATION NUMBER
Classification number 625.7/M41
100 ## - MAIN ENTRY--PERSONAL NAME
Personal name Bonnal, Robert
100 ## - MAIN ENTRY--PERSONAL NAME
Personal name Mellier, Gérard
245 #0 - TITLE STATEMENT
Title Caminos de tierra : Estructura y Mantenimiento
260 ## - PUBLICATION, DISTRIBUTION, ETC.
Place of publication, distribution, etc. Buenos Aires
260 ## - PUBLICATION, DISTRIBUTION, ETC.
Name of publisher, distributor, etc. CIENCIA NUEVA
260 ## - PUBLICATION, DISTRIBUTION, ETC.
Date of publication, distribution, etc. 1972
300 ## - PHYSICAL DESCRIPTION
Extent 141 p.
300 ## - PHYSICAL DESCRIPTION
Other physical details il., tbl., graf.
500 ## - GENERAL NOTE
General note 1 ejemplar
520 ## - SUMMARY, ETC.
Summary, etc. Descripción de los elementos que constituyen el camino de tierra, de sus males, de los cuidados preventivos, de los remedios y de los métodos de tratamiento. La auto dependencia de la fase, construcción con la fase manteniendo esta felizmente diseñada.
650 ## - SUBJECT ADDED ENTRY--TOPICAL TERM
Topical term or geographic name entry element CAMINOS
650 ## - SUBJECT ADDED ENTRY--TOPICAL TERM
Topical term or geographic name entry element ESTRUCTURAS
942 ## - ADDED ENTRY ELEMENTS (KOHA)
Koha item type Libros
Existencias
Fecha de la última vez que lo usaron Pago total Signatura topográfica completa Código de barras Precio efectivo desde Tipo de documento Estado perdido Estado dañado No es para préstamo Retirado Ubicación permanente Ubicación actual Fecha de adquisición
15/05/2020   625.7/M41 Bib-Lima15051185 15/05/2020 Libros         Biblioteca Central Lima Biblioteca Central Lima 15/05/2020